Country Anagrams #2 - Statistics

General Stats
  • This quiz has been taken 24 times
  • The average score is 15 of 21
Answer Stats
Hint Answer % Correct
Plane Nepal
100%
Dark men Denmark
95%
Nice lad Iceland
95%
I regain Nigeria
95%
I want a… Taiwan
95%
Enemy Yemen
95%
NATO swab Botswana
91%
i.e. Aggro Georgia
91%
And us Sudan
91%
I am Aron Romania
86%
Regalia Algeria
82%
Absorb ad Barbados
82%
Lip n’ hips pie Philippines
73%
Sail rank Sri Lanka
73%
I shall slam sand Marshall Islands
55%
Unknit demigod United Kingdom
55%
Ah, fractious South Africa
36%
Overall sad El Salvador
27%
Butadiene airstream United Arab Emirates
23%
Bat dad, auburn again Antigua and Barbuda
18%
One era, fascism attitude United States of America
14%
No matching quizzes found
Score Distribution
Percent of People with Each Score
Percentile by Number Answered
Your Score History
You have not taken this quiz